Máximo Gómez / Ramón Infiesta (Registro nro. 4806)

Detalles MARC
000 -LEADER
fixed length control field 00555nam a22002171a 4500
001 - CONTROL NUMBER
control field 4806
003 - CONTROL NUMBER IDENTIFIER
control field OSt
005 - DATE AND TIME OF LATEST TRANSACTION
control field 20260204211948.0
008 - FIXED-LENGTH DATA ELEMENTS--GENERAL INFORMATION
fixed length control field 050916s1986||||dr ||||||b||||||||||spa||
050 ## - LIBRARY OF CONGRESS CALL NUMBER
Classification number RD 920 A12m
100 ## - ASIENTO PRINCIPAL -- NOMBRE PERSONAL
Personal name Infiesta, Ramón
245 ## - TÍTULO PROPIAMENTE DICHO: SUBTÍTULO
Title Máximo Gómez / Ramón Infiesta
250 ## - MENCIÓN DE EDICIÓN
Edition statement 2
264 ## - PRODUCTION, PUBLICATION, DISTRIBUTION, MANUFACTURE, AND COPYRIGHT NOTICE
Place of production, publication, distribution, manufacture Santo Domingo: Biblioteca Nacional
300 ## - PHYSICAL DESCRIPTION
Extensión 252 p
490 ## - MENCIÓN DE SERIE
Series statement Colección olfeo
500 ## - GENERAL NOTE
General note Incluye indice y bibliografía.
650 ## - ASIENTO SECUNDARIO DE MATERIA -- TERMINO TEMÁTICO
Termino Temático Como Elemento de Entrada Bibliografía - Máximo Gómez
700 ## - ASIENTO SECUNDARIO -- NOMBRE PERSONAL
Personal name Historia - CubaÌ
942 ## - ADDED ENTRY ELEMENTS (KOHA)
Source of classification or shelving scheme Dewey Decimal Classification
Koha item type Libros
Existencias
Withdrawn status Lost status Source of classification or shelving scheme Damaged status Not for loan Current library Date acquired Total Checkouts Full call number Barcode Date last seen Price effective from Koha item type
    Dewey Decimal Classification     Biblioteca UTECO 09/09/2019   RD 920 A12M 009438 09/09/2019 09/09/2019 Libros
© 2021 Derechos Reservados UTECO - Teléfono: +1 809-585-2291 - Correo electrónico: biblioteca@uteco.edu.do​  
Código postal 43000 ​​
Dirección: Avenida Universitaria No. 100, 
Cotuí, Provincia Sánchez Ramírez, República Dominicana - RNC: 404-00059-6